000 00567nam a2200229Ia 4500
003 OSt
005 20220702102028.0
008 210210b2015 xxu||||| |||| 00| 0 eng d
020 _a9789327257243
040 _cAL
041 _aeng
082 _a338.9 LEKE
100 _aLEKHI (R K)
_946672
245 _aEconomics of development and planning
250 _a18 Rev
260 _aLudhiana
_bKalyani Publishers
_c2015
300 _axxi,1041
690 _aEconomic Planning
_946673
700 _aSINGH (Joginder)
_946674
906 _a070849
942 _2ddc
_cBK
999 _c120332
_d120332